000 00579nam a2200217Ia 4500
001 14775
003 GE_BSU
008 181216s||||||||xx |||||||||||||| ||und||
020 _a509006556Х
040 _cGE_BSU
080 _a512(075.3)
100 _aАлимов, Ш.А. и др.
245 _aАлгебра
245 _bУч-к для 9 кл. общеобразовательных учреждении
260 _aМосква
260 _bПросвещение
260 _c1995
300 _a223стр.22см.илл.
653 _aАлгебра
942 _cBK
999 _c47898
_d47898